000 00386nam a22001457a 4500
008 250704b |||||||| |||| 00| 0 eng d
020 _a0256032912
050 _aHD4841
_b.F67
100 _aFOSSUM A. John
245 _aLabour Relations, Development, Structure and Process
250 _a3
260 _aUnited States
_bBusiness Publications.
_c1979
300 _axix, 501p.
942 _cBK
999 _c4129
_d4129